[Event "Biel Blitz (Women)"]
[Site "Biel"]
[Date "2022.07.17"]
[Round "9"]
[White "Keymer, Cecilia"]
[Black "Tamrazyan, Gohar"]
[Result "0-1"]
[WhiteElo "1652"]
[BlackElo "1733"]
[PlyCount "107"]
[EventDate "2022.01.17"]
[EventType "tourn (blitz)"]
[EventRounds "14"]
[EventCountry "SUI"]
[SourceTitle "EXT 2024"]
[Source "ChessBase"]
[SourceDate "2023.10.10"]
[SourceVersion "1"]
[SourceVersionDate "2023.10.10"]
[SourceQuality "1"]

1. d4 d5 2. c4 e6 3. Nc3 c5 4. cxd5 exd5 5. Nf3 Nc6 6. Bg5 Be7 7. Bxe7 Ngxe7 8. dxc5 d4 9. Ne4 0-0 10. Nd6 Qa5+ 11. Qd2 Qxc5 12. Nxc8 Raxc8 13. Rc1 Qb4 14. e3 dxe3 15. fxe3 Qxd2+ 16. Kxd2 Rfd8+ 17. Ke1 g6 18. Kf2 Nb4 19. Bc4 a6 20. a3 Nbd5 21. Rhd1 Nb6 22. Be2 Rxd1 23. Rxc8+ Nbxc8 24. Bxd1 b6 25. Nd4 Nd6 26. Be2 a5 27. Kf3 Kg7 28. e4 Kf6 29. Ke3 h6 30. Nf3 Ke6 31. Bd3 Nc6 32. Nd4+ Nxd4 33. Kxd4 f6 34. Ke3 Ke5 35. Bc2 Nc4+ 36. Kf3 Nxb2 37. Bb3 Nd3 38. Bd5 f5 39. Bc4 fxe4+ 40. Ke3 Nc5 41. Bf7 g5 42. g3 Nd7 43. Bb3 Nf6 44. Bc2 Ng4+ 45. Ke2 Nxh2 46. Kf2 Ng4+ 47. Ke2 Kd4 48. Ke1 Ke3 49. Kf1 Kf3 50. Ke1 e3 51. Kf1 e2+ 52. Ke1 Ne3 53. Bd3 Ng2+ 54. Kd2 0-1

[Event "Biel Blitz (Women)"]
[Site "Biel"]
[Date "2022.07.17"]
[Round "13"]
[White "Tamrazyan, Gohar"]
[Black "Cornileau, Juliette"]
[Result "0-1"]
[WhiteElo "1733"]
[BlackElo "1653"]
[PlyCount "80"]
[EventDate "2022.01.17"]
[EventType "tourn (blitz)"]
[EventRounds "14"]
[EventCountry "SUI"]
[SourceTitle "EXT 2024"]
[Source "ChessBase"]
[SourceDate "2023.10.10"]
[SourceVersion "1"]
[SourceVersionDate "2023.10.10"]
[SourceQuality "1"]

1. d4 Nf6 2. Nc3 d5 3. Bf4 e6 4. Nb5 Na6 5. e3 c6 6. Nc3 Nc7 7. a3 Bd6 8. Nh3 0-0 9. Bd3 Re8 10. 0-0 Qe7 11. Kh1 e5 12. dxe5 Bxe5 13. Bxe5 Qxe5 14. Nf4 d4 15. Nce2 dxe3 16. fxe3 Qxe3 17. Rf3 Qc5 18. h3 Be6 19. Nxe6 Nxe6 20. Nf4 Ng5 21. Rg3 Nge4 22. Bxe4 Nxe4 23. Rf3 Nf2+ 24. Rxf2 Qxf2 25. Nd3 Qg3 26. Qf3 Qxf3 27. gxf3 Re2 28. Rc1 Rae8 29. f4 f6 30. b4 R8e3 31. Nc5 Rxh3+ 32. Kg1 b6 33. Nd3 Rhh2 34. a4 Rhg2+ 35. Kf1 Rxc2 36. Rxc2 Rxc2 37. a5 bxa5 38. bxa5 Ra2 39. Nb4 Rxa5 40. Nxc6 Ra4 0-1

[Event "Biel Blitz (Women)"]
[Site "Biel"]
[Date "2022.07.17"]
[Round "2"]
[White "Tamrazyan, Gohar"]
[Black "Keymer, Cecilia"]
[Result "1-0"]
[WhiteElo "1733"]
[BlackElo "1652"]
[PlyCount "45"]
[EventDate "2022.01.17"]
[EventType "tourn (blitz)"]
[EventRounds "14"]
[EventCountry "SUI"]
[SourceTitle "EXT 2024"]
[Source "ChessBase"]
[SourceDate "2023.10.10"]
[SourceVersion "1"]
[SourceVersionDate "2023.10.10"]
[SourceQuality "1"]

1. d4 d5 2. Nc3 Nf6 3. Bf4 Bf5 4. e3 e6 5. Bd3 Bxd3 6. cxd3 Bd6 7. Nge2 Nc6 8. 0-0 0-0 9. a3 a6 10. Rc1 Bxf4 11. Nxf4 e5 12. dxe5 Nxe5 13. Qb3 c6 14. e4 d4 15. Nce2 Qd7 16. Qb4 Rad8 17. Rfd1 Qd6 18. Qxb7 Rb8 19. Qa7 Rxb2 20. Nxd4 Ned7 21. g3 Nc5 22. Qxc5 Rc8 23. Qxd6 1-0

[Event "Biel Rapid (Women)"]
[Site "Biel"]
[Date "2022.07.12"]
[Round "5"]
[White "Tamrazyan, Gohar"]
[Black "Cornileau, Juliette"]
[Result "0-1"]
[WhiteElo "1578"]
[BlackElo "1896"]
[PlyCount "76"]
[EventDate "2022.07.12"]
[EventType "tourn (rapid)"]
[EventRounds "7"]
[EventCountry "SUI"]
[SourceTitle "EXT 2024"]
[Source "ChessBase"]
[SourceDate "2023.10.10"]
[SourceVersion "1"]
[SourceVersionDate "2023.10.10"]
[SourceQuality "1"]

1. d4 Nf6 2. Nc3 d5 3. Bf4 Bf5 4. e3 e6 5. Nf3 Bb4 6. Bd3 Ne4 7. Bxe4 Bxe4 8. a3 Bd6 9. Bxd6 cxd6 10. Nxe4 dxe4 11. Nd2 d5 12. Qg4 0-0 13. c4 Nd7 14. c5 e5 15. 0-0 f5 16. Qe2 exd4 17. exd4 Qf6 18. Qb5 Rad8 19. Nb3 Qe6 20. Rac1 a6 21. Qe2 Nb8 22. f3 Nc6 23. fxe4 dxe4 24. Qc4 Qxc4 25. Rxc4 Rd5 26. g3 Re8 27. Rc2 g6 28. Re1 Nxd4 29. Nxd4 Rxd4 30. Kf2 Rc8 31. b4 Rd3 32. Re3 Rcd8 33. h4 Rxe3 34. Kxe3 Rd3+ 35. Kf4 Rxa3 36. Kg5 Kg7 37. c6 h6+ 38. Kf4 Kf6 0-1

[Event "Online Olym Div2 B"]
[Site "Chess.com INT"]
[Date "2021.09.03"]
[Round "5.1"]
[White "Gitu, Paula Alexandra"]
[Black "Tamrazyan, Gohar"]
[Result "1-0"]
[WhiteElo "2113"]
[BlackElo "1981"]
[PlyCount "67"]
[EventDate "2021.09.02"]
[EventType "team (rapid)"]
[EventRounds "9"]
[EventCountry "USA"]
[SourceTitle "CBM 204 Extra"]
[Source "ChessBase"]
[SourceDate "2021.11.30"]
[SourceVersion "1"]
[SourceVersionDate "2021.11.30"]
[SourceQuality "1"]
[WhiteTeam "Moldova"]
[BlackTeam "Switzerland"]
[WhiteTeamCountry "MDA"]
[BlackTeamCountry "SUI"]

1. e4 c5 2. Nf3 Nc6 3. Bb5 g6 4. Bxc6 dxc6 5. d3 Bg7 6. h3 Nf6 7. Nc3 Nd7 8. Be3 e5 9. Qd2 h6 10. Nh2 Qe7 11. 0-0 Nf8 12. f4 exf4 13. Bxf4 Ne6 14. Bg3 Qg5 15. Qxg5 hxg5 16. Rae1 Nd4 17. Rf2 Be6 18. Ng4 f5 19. exf5 gxf5 20. Be5 Kf7 21. Ne4 Rh5 22. Nxc5 Nxc2 23. Rxc2 Bf8 24. Nxe6 Kxe6 25. Bd4+ Kf7 26. Ne5+ Kg8 27. Nd7 Kf7 28. Nxf8 Rxf8 29. Rce2 Kg8 30. Re7 Rh7 31. Bxa7 Ra8 32. Rxh7 Kxh7 33. Re7+ Kg6 34. Rxb7 1-0

[Event "EU-ch (Women) 21st"]
[Site "Iasi"]
[Date "2021.08.13"]
[Round "5"]
[White "Sankova, Stella"]
[Black "Tamrazyan, Gohar"]
[Result "1-0"]
[WhiteElo "2100"]
[BlackElo "1973"]
[PlyCount "55"]
[EventDate "2021.08.09"]
[EventType "swiss"]
[EventRounds "11"]
[EventCountry "ROU"]
[SourceTitle "CBM 203 Extra"]
[Source "ChessBase"]
[SourceDate "2021.09.30"]
[SourceVersion "1"]
[SourceVersionDate "2021.09.30"]
[SourceQuality "1"]

1. e4 c5 2. Nf3 Nc6 3. Bb5 g6 4. Bxc6 dxc6 5. d3 Bg7 6. h3 Nf6 7. Nc3 Nd7 8. Be3 e5 9. Qd2 h6 10. 0-0 b6 11. Nh2 Nf8 12. f4 exf4 13. Bxf4 Ne6 14. Bg3 Qg5 15. Qe1 Nd4 16. Nf3 Nxf3+ 17. Rxf3 Be6 18. e5 Qd8 19. Ne4 Qd4+ 20. Kh1 Qxb2 21. Nd6+ Ke7 22. c4 Rhf8 23. Rb1 Qxa2 24. Rf2 Qa3 25. Qe4 f5 26. exf6+ Rxf6 27. Rxf6 Bxf6 28. Re1 1-0

[Event "EU-ch (Women) 21st"]
[Site "Iasi"]
[Date "2021.08.12"]
[Round "4"]
[White "Tamrazyan, Gohar"]
[Black "Gvanceladze, Anna"]
[Result "0-1"]
[WhiteElo "1973"]
[BlackElo "2182"]
[PlyCount "68"]
[EventDate "2021.08.09"]
[EventType "swiss"]
[EventRounds "11"]
[EventCountry "ROU"]
[SourceTitle "CBM 203 Extra"]
[Source "ChessBase"]
[SourceDate "2021.09.30"]
[SourceVersion "1"]
[SourceVersionDate "2021.09.30"]
[SourceQuality "1"]

1. e4 c6 2. Nc3 d5 3. Nf3 dxe4 4. Nxe4 Nf6 5. Qe2 Na6 6. Nxf6+ gxf6 7. d3 Bg4 8. h3 Bf5 9. Bd2 Qb6 10. Bc3 0-0-0 11. Nd2 Nb4 12. Nc4 Qb5 13. a4 Qxc4 14. dxc4 Nxc2+ 15. Qxc2 Bxc2 16. b4 e5 17. f4 Bh6 18. fxe5 fxe5 19. Be2 Bf4 20. Kf2 Rhg8 21. Rhf1 Rg3 22. Bf3 f5 23. Kg1 Bd3 24. Be1 Rg7 25. Bh4 Rdg8 26. Rfd1 e4 27. g4 fxg4 28. Bxg4+ Rxg4+ 29. hxg4 Rxg4+ 30. Kf2 Rxh4 31. c5 Rh2+ 32. Kg1 Be2 33. Rdb1 Bf3 34. b5 Bg3 0-1

[Event "EU-ch (Women) 21st"]
[Site "Iasi"]
[Date "2021.08.10"]
[Round "2"]
[White "Tamrazyan, Gohar"]
[Black "Radeva, Viktoria"]
[Result "0-1"]
[WhiteElo "1973"]
[BlackElo "2372"]
[PlyCount "54"]
[EventDate "2021.08.09"]
[EventType "swiss"]
[EventRounds "11"]
[EventCountry "ROU"]
[SourceTitle "CBM 203 Extra"]
[Source "ChessBase"]
[SourceDate "2021.09.30"]
[SourceVersion "1"]
[SourceVersionDate "2021.09.30"]
[SourceQuality "1"]

1. e4 c5 2. Nc3 e6 3. Nf3 a6 4. d4 cxd4 5. Nxd4 Qc7 6. Bd3 Nc6 7. Nxc6 dxc6 8. Qe2 e5 9. 0-0 Nf6 10. Kh1 Bc5 11. f4 Ng4 12. Bc4 b5 13. Bb3 Qe7 14. fxe5 0-0 15. Bf4 Nxe5 16. Qh5 Ng6 17. Rad1 Be6 18. Bg5 Qc7 19. Rd3 Qe5 20. Bxe6 fxe6 21. Rdf3 Be7 22. h4 Bd6 23. g3 b4 24. Qg4 bxc3 25. h5 Rxf3 26. Rxf3 cxb2 27. Rb3 Rb8 0-1

[Event "EU-ch (Women) 21st"]
[Site "Iasi"]
[Date "2021.08.09"]
[Round "1"]
[White "Agrest, Inna"]
[Black "Tamrazyan, Gohar"]
[Result "0-1"]
[WhiteElo "2281"]
[BlackElo "1973"]
[PlyCount "100"]
[EventDate "2021.08.09"]
[EventType "swiss"]
[EventRounds "11"]
[EventCountry "ROU"]
[SourceTitle "CBM 203 Extra"]
[Source "ChessBase"]
[SourceDate "2021.09.30"]
[SourceVersion "1"]
[SourceVersionDate "2021.09.30"]
[SourceQuality "1"]

1. e4 c5 2. Nf3 Nc6 3. d4 cxd4 4. Nxd4 e5 5. Nb5 d6 6. N1c3 a6 7. Na3 b5 8. Nd5 Nge7 9. Bd3 Nxd5 10. exd5 Ne7 11. c4 g6 12. cxb5 Bg7 13. 0-0 0-0 14. Re1 f5 15. bxa6 e4 16. Bb5 Bxa6 17. Bxa6 Rxa6 18. Nb5 Qb6 19. a4 Qb7 20. Bf4 Rd8 21. Bg5 Rd7 22. Bxe7 Rxe7 23. Qc2 Rb6 24. Rad1 Re8 25. b3 Rc8 26. Qa2 Rc5 27. g3 Be5 28. Re2 Ra6 29. Qd2 Ra8 30. h4 Qg7 31. Rc1 Rac8 32. Rxc5 Rxc5 33. Qa5 Qf8 34. Qa6 Rxd5 35. Rc2 Rd1+ 36. Kg2 Kg7 37. Rc7+ Kh6 38. Qa7 Qg8 39. Qe3+ g5 40. hxg5+ Kg6 41. Nc3 Rd3 42. Qc1 Qxb3 43. Qh1 h5 44. g4 fxg4 45. Qe1 Rxc3 46. Qxe4+ Kxg5 47. Re7 Rf3 48. Rb7 Qa2 49. Qe1 Rg3+ 50. Kf1 Qc4+ 0-1

[Event "SUI-ch (Women)"]
[Site "Flims"]
[Date "2021.07.08"]
[Round "1"]
[White "Tamrazyan, Gohar"]
[Black "Pellicoro, Nathalie"]
[Result "1/2-1/2"]
[WhiteElo "1892"]
[BlackElo "1911"]
[PlyCount "96"]
[EventDate "2021.07.08"]
[EventType "tourn"]
[EventRounds "9"]
[EventCountry "SUI"]
[SourceTitle "EXT 2022"]
[Source "ChessBase"]
[SourceDate "2021.10.06"]
[SourceVersion "1"]
[SourceVersionDate "2021.10.06"]
[SourceQuality "1"]

1. e4 e5 2. Nf3 Nc6 3. d4 exd4 4. Nxd4 Nf6 5. Nxc6 bxc6 6. e5 Qe7 7. Qe2 Nd5 8. h4 f6 9. c4 Ba6 10. exf6 Nxf6 11. Bf4 0-0-0 12. Qxe7 Bxe7 13. Nd2 Bc5 14. 0-0-0 Bxf2 15. Nb3 Rde8 16. Bd3 Nh5 17. Bg5 Ng3 18. Rh3 h6 19. Bd2 c5 20. Nxc5 Bxc5 21. Rxg3 Bd4 22. Bg6 Re2 23. Bd3 Rf2 24. Rg4 c5 25. b4 d5 26. bxc5 Bxc5 27. Rxg7 dxc4 28. Rg6 Bb7 29. Bxc4 Ba3+ 30. Kc2 Be4+ 31. Kb3 Bxg6 32. Kxa3 Bc2 33. Be3 Bxd1 34. Bxf2 Rh7 35. Be3 Bg4 36. Bd3 Rh8 37. Bxa7 Kb7 38. Be3 Bd7 39. Kb4 h5 40. a4 Bc6 41. g3 Rg8 42. Bf4 Rd8 43. Bc4 Bf3 44. a5 Rd1 45. a6+ Ka8 46. Kc5 Rd8 47. Bb5 Rd5+ 48. Kb6 Rxb5+ 1/2-1/2

[Event "Bad Ragaz Swiss YM"]
[Site "Bad Ragaz"]
[Date "2021.03.13"]
[Round "8"]
[White "Meier, Lukas"]
[Black "Tamrazyan, Gohar"]
[Result "1/2-1/2"]
[WhiteElo "2104"]
[BlackElo "1802"]
[PlyCount "102"]
[EventDate "2021.03.06"]
[EventType "tourn"]
[EventRounds "9"]
[EventCountry "SUI"]
[SourceTitle "CBM 201 Extra"]
[Source "ChessBase"]
[SourceDate "2021.05.31"]
[SourceVersion "1"]
[SourceVersionDate "2021.05.31"]
[SourceQuality "1"]

1. e4 e6 2. d4 d5 3. Nd2 Nf6 4. e5 Nfd7 5. Bd3 c5 6. c3 Nc6 7. Ne2 cxd4 8. cxd4 f6 9. exf6 Nxf6 10. 0-0 Bd6 11. Nf3 Qc7 12. h3 0-0 13. Re1 Bd7 14. Be3 Be8 15. Ng5 Bf7 16. Rc1 Qe7 17. Bb1 Bh5 18. g4 Be8 19. Ng3 h6 20. Nf3 Na5 21. Ne5 Nc4 22. Nxc4 dxc4 23. Rxc4 Bb5 24. Rc1 Rac8 25. Qb3 Bc6 26. g5 Bxg3 27. fxg3 Qd6 28. Bf2 Bd5 29. Qe3 Rxc1 30. Qxc1 hxg5 31. Qxg5 Qc6 32. Rc1 Qb6 33. Qd2 Be4 34. Qe2 Bxb1 35. Rxb1 Qc6 36. Re1 Kf7 37. a3 Rh8 38. h4 g5 39. d5 Qxd5 40. Rd1 Qc6 41. Bd4 gxh4 42. Rf1 Rh6 43. Bxf6 Rxf6 44. Qh5+ Kg7 45. Qg5+ Rg6 46. Qe7+ Kh6 47. Qxh4+ Kg7 48. Qe7+ Kh6 49. Qh4+ Kg7 50. Qd4+ Kh7 51. Qh4+ Kg7 1/2-1/2

[Event "Bad Ragaz Swiss YM"]
[Site "Bad Ragaz"]
[Date "2021.03.12"]
[Round "7"]
[White "Tamrazyan, Gohar"]
[Black "Angst, Oliver"]
[Result "0-1"]
[WhiteElo "1802"]
[BlackElo "2100"]
[PlyCount "88"]
[EventDate "2021.03.06"]
[EventType "tourn"]
[EventRounds "9"]
[EventCountry "SUI"]
[SourceTitle "CBM 201 Extra"]
[Source "ChessBase"]
[SourceDate "2021.05.31"]
[SourceVersion "1"]
[SourceVersionDate "2021.05.31"]
[SourceQuality "1"]

1. Nf3 d5 2. g3 Nf6 3. Bg2 c6 4. d3 Bf5 5. 0-0 h6 6. c4 e6 7. Qb3 Qb6 8. Be3 Qxb3 9. axb3 a6 10. Nc3 Nbd7 11. Ra4 Be7 12. Nd2 Ng4 13. cxd5 exd5 14. Bd4 0-0 15. Rfa1 Nc5 16. R4a2 Ne6 17. Bb6 Nf6 18. Ra4 Nd7 19. Be3 b5 20. Rxa6 Rxa6 21. Rxa6 d4 22. Bxd4 Nxd4 23. e3 Ne6 24. Ra7 Nd8 25. Be4 Be6 26. d4 Bb4 27. Ra6 Nf6 28. Bxc6 Bc8 29. Rb6 Ba5 30. Rxb5 Nxc6 31. d5 Bxc3 32. bxc3 Ne5 33. f4 Nd3 34. e4 Bh3 35. Ra5 Rd8 36. c4 g5 37. e5 Nd7 38. Ne4 gxf4 39. gxf4 Nxf4 40. Nf6+ Nxf6 41. exf6 Nd3 42. Ra7 Re8 43. Ra1 Re2 44. Kh1 Rg2 0-1

[Event "Bad Ragaz Swiss YM"]
[Site "Bad Ragaz"]
[Date "2021.03.10"]
[Round "5"]
[White "Fecker, Noah"]
[Black "Tamrazyan, Gohar"]
[Result "1-0"]
[WhiteElo "2308"]
[BlackElo "1802"]
[PlyCount "51"]
[EventDate "2021.03.06"]
[EventType "tourn"]
[EventRounds "9"]
[EventCountry "SUI"]
[SourceTitle "CBM 201 Extra"]
[Source "ChessBase"]
[SourceDate "2021.05.31"]
[SourceVersion "1"]
[SourceVersionDate "2021.05.31"]
[SourceQuality "1"]

1. e4 e6 2. d4 d5 3. Nd2 Nf6 4. e5 Nfd7 5. c3 c5 6. Bd3 Nc6 7. Ngf3 Be7 8. 0-0 g5 9. dxc5 g4 10. Nd4 Ndxe5 11. Bb5 Bd7 12. Re1 Bxc5 13. Bxc6 Nxc6 14. N2b3 Bxd4 15. Nxd4 h5 16. Bf4 Qf6 17. Bd6 Nxd4 18. cxd4 Qg6 19. Rc1 Bc6 20. b4 Rd8 21. Bc5 a6 22. a4 Kd7 23. Qe2 Bxa4 24. Qe5 Bc6 25. b5 axb5 26. Ra1 1-0

[Event "Wch FIDE Online U18 Girls Europe qual"]
[Site "Tornelo INT"]
[Date "2020.12.08"]
[Round "3"]
[White "Ravlusevic, Evelina"]
[Black "Tamrazyan, Gohar"]
[Result "1-0"]
[WhiteElo "1781"]
[BlackElo "1578"]
[PlyCount "49"]
[EventDate "2020.12.07"]
[EventType "swiss (rapid)"]
[EventRounds "7"]
[EventCountry "ISS"]
[SourceTitle "EXT 2022"]
[Source "ChessBase"]
[SourceDate "2021.10.06"]
[SourceVersion "1"]
[SourceVersionDate "2021.10.06"]
[SourceQuality "1"]

1. d4 Nf6 2. c4 g6 3. Nc3 Bg7 4. e4 d6 5. Nf3 0-0 6. Be2 e5 7. 0-0 exd4 8. Nxd4 Re8 9. f3 c6 10. Bg5 Qb6 11. Na4 Qa5 12. Bd2 Qe5 13. Bc3 Qg5 14. Bd2 Qh5 15. f4 Ng4 16. Nf3 Bd4+ 17. Kh1 Rxe4 18. Nc3 Bxc3 19. Bxc3 Nxh2 20. Nxh2 Rxe2 21. Qxd6 Nd7 22. Rae1 Rxe1 23. Rxe1 Qh6 24. Re8+ Nf8 25. Qf6 1-0

[Event "EU-ch Online U16 Girls"]
[Site "Tornelo INT"]
[Date "2020.09.19"]
[Round "4"]
[White "Tamrazyan, Gohar"]
[Black "Babineca, Darja"]
[Result "1-0"]
[WhiteElo "1578"]
[BlackElo "1756"]
[PlyCount "83"]
[EventDate "2020.09.18"]
[EventType "swiss (rapid)"]
[EventRounds "9"]
[EventCountry "NET"]
[SourceTitle "EXT 2023"]
[Source "ChessBase"]
[SourceDate "2022.10.05"]
[SourceVersion "1"]
[SourceVersionDate "2022.10.05"]
[SourceQuality "1"]
[WhiteTeam "Schweiz"]
[BlackTeam "Schweiz"]
[WhiteTeamCountry "SUI"]
[BlackTeamCountry "SUI"]

1. Nf3 Nf6 2. e3 g6 3. b4 Bg7 4. Bb2 0-0 5. c4 d5 6. cxd5 Nxd5 7. Bxg7 Kxg7 8. Qb3 Qd6 9. Nc3 Be6 10. Nxd5 Bxd5 11. Qc3+ f6 12. Nd4 c6 13. h4 e5 14. Ne2 Na6 15. a3 Rae8 16. Ng3 Nc7 17. e4 Be6 18. h5 f5 19. hxg6 hxg6 20. exf5 Nd5 21. Ne4 Qc7 22. f6+ Rxf6 23. Nxf6 Kxf6 24. Qf3+ Bf5 25. Qg3 Nf4 26. Qh4+ Ke6 27. Bc4+ Nd5 28. Qh7 Re7 29. Qg8+ Kd6 30. Rh6 Rg7 31. Qf8+ Re7 32. Rh7 Be6 33. Bxd5 Bxd5 34. Qxe7+ Qxe7 35. Rxe7 Kxe7 36. f3 g5 37. Kf2 Kf6 38. Ke3 Kf5 39. Rh1 b6 40. Rh7 a5 41. Rh6 axb4 42. g4# 1-0

[Event "Online Olym Div2 C"]
[Site "Chess.com INT"]
[Date "2020.08.15"]
[Round "4.6"]
[White "Shuqja, Klean"]
[Black "Tamrazyan, Gohar"]
[Result "0-1"]
[WhiteElo "1844"]
[BlackElo "1802"]
[PlyCount "98"]
[EventDate "2020.08.14"]
[EventType "team-tourn (rapid)"]
[EventRounds "9"]
[EventCountry "USA"]
[SourceTitle "CBM 198"]
[Source "ChessBase"]
[SourceDate "2020.10.31"]
[SourceVersion "1"]
[SourceVersionDate "2020.10.31"]
[SourceQuality "1"]
[WhiteTeam "Albania"]
[BlackTeam "Switzerland"]
[WhiteTeamCountry "ALB"]
[BlackTeamCountry "SUI"]

1. b3 e5 2. Bb2 Nc6 3. e3 d5 4. Bb5 Bd6 5. f4 f6 6. Qh5+ g6 7. Qh4 exf4 8. exf4 Bd7 9. Bxc6 Bxc6 10. Ne2 Qe7 11. 0-0 0-0-0 12. Nd4 Bc5 13. Re1 Qd6 14. Kh1 Bd7 15. d3 Qb6 16. Qf2 Ne7 17. Nd2 Nc6 18. c3 Bxd4 19. cxd4 Nb4 20. Re3 Nc2 21. Rc1 Nxe3 22. Qxe3 Rhe8 23. Qf3 Qe6 24. h3 Qe2 25. Rd1 Qxf3 26. Nxf3 Re2 27. Ba3 Rxa2 28. Be7 Re8 29. Bxf6 Ree2 30. Rg1 Bf5 31. Be5 Bxd3 32. Nh4 Be4 33. Kh2 h6 34. Bf6 c6 35. Kg3 Re3+ 36. Kh2 Rxb3 37. Rf1 Rbb2 38. Rg1 Rc2 39. Kg3 a5 40. Kg4 a4 41. g3 a3 42. Be7 Rc3 43. f5 gxf5+ 44. Nxf5 Bxf5+ 45. Kxf5 Rf2+ 46. Ke6 a2 47. Re1 Rb3 48. Kd6 Rb1 49. Re3 a1Q 0-1

[Event "EU-chT (Women) 22nd"]
[Site "Batumi"]
[Date "2019.11.02"]
[Round "9.4"]
[White "Tamrazyan, Gohar"]
[Black "Bengtsson, Siv"]
[Result "1/2-1/2"]
[WhiteElo "1955"]
[BlackElo "2086"]
[PlyCount "103"]
[EventDate "2019.10.24"]
[EventType "team-swiss"]
[EventRounds "9"]
[EventCountry "GEO"]
[SourceTitle "CBM 192 Extra"]
[Source "Chessbase"]
[SourceDate "2019.11.06"]
[SourceVersion "1"]
[SourceVersionDate "2019.11.06"]
[SourceQuality "1"]
[WhiteTeam "Switzerland (W)"]
[BlackTeam "Sweden (W)"]
[WhiteTeamCountry "SUI"]
[BlackTeamCountry "SWE"]

1. e4 e6 2. d4 d5 3. Nc3 Bb4 4. Nge2 dxe4 5. a3 Be7 6. Nxe4 Nf6 7. Qd3 0-0 8. Bf4 Nbd7 9. 0-0-0 b6 10. N2c3 Bb7 11. h4 Nxe4 12. Nxe4 Nf6 13. Nxf6+ Bxf6 14. Qg3 Rc8 15. Be5 Qe7 16. Be2 Rfd8 17. Bf3 Bxf3 18. Qxf3 Bxe5 19. dxe5 c5 20. Qe4 Qc7 21. Rxd8+ Rxd8 22. Rh3 Rd5 23. Rd3 Qd7 24. f4 h6 25. g3 h5 26. Kd2 Rxd3+ 27. cxd3 g6 28. Kc3 Kg7 29. d4 Qa4 30. Qd3 Qc6 31. Qc4 Qf3+ 32. Qd3 cxd4+ 33. Kxd4 Qd5+ 34. Kc3 Qc5+ 35. Qc4 Qe3+ 36. Qd3 Qe1+ 37. Kc4 Qf2 38. b4 a6 39. a4 Qa2+ 40. Qb3 b5+ 41. Kc3 Qf2 42. axb5 Qxg3+ 43. Kb2 Qf2+ 44. Qc2 Qxf4 45. bxa6 Qxb4+ 46. Qb3 Qd4+ 47. Kb1 Qe4+ 48. Ka1 Qe1+ 49. Qb1 Qc3+ 50. Qb2 Qa5+ 51. Qa2 Qc3+ 52. Qb2 1/2-1/2

[Event "EU-chT (Women) 22nd"]
[Site "Batumi"]
[Date "2019.11.01"]
[Round "8.4"]
[White "Norlamo, Sarabella"]
[Black "Tamrazyan, Gohar"]
[Result "1/2-1/2"]
[WhiteElo "2020"]
[BlackElo "1955"]
[PlyCount "98"]
[EventDate "2019.10.24"]
[EventType "team-swiss"]
[EventRounds "9"]
[EventCountry "GEO"]
[SourceTitle "CBM 192 Extra"]
[Source "Chessbase"]
[SourceDate "2019.11.06"]
[SourceVersion "1"]
[SourceVersionDate "2019.11.06"]
[SourceQuality "1"]
[WhiteTeam "Finland (W)"]
[BlackTeam "Switzerland (W)"]
[WhiteTeamCountry "FIN"]
[BlackTeamCountry "SUI"]

1. d4 Nf6 2. c4 g6 3. Nc3 Bg7 4. e4 d6 5. Bd3 0-0 6. Nge2 c5 7. d5 e6 8. 0-0 Nbd7 9. Bf4 Ne5 10. Bxe5 dxe5 11. Rc1 Nh5 12. Qd2 f5 13. Rfd1 f4 14. f3 g5 15. Bb1 Nf6 16. dxe6 Bxe6 17. Qxd8 Raxd8 18. Nd5 g4 19. Nec3 Kf7 20. Nb5 a6 21. Nbc7 gxf3 22. Nxe6 f2+ 23. Kxf2 Kxe6 24. Nxf6 Rxd1 25. Rxd1 Bxf6 26. Rd5 Be7 27. Bc2 Rd8 28. Kf3 h5 29. Kf2 b5 30. Bd1 h4 31. Bg4+ Kf6 32. Rxd8 Bxd8 33. cxb5 axb5 34. Bd7 b4 35. Bb5 Bb6 36. Kf3 Kg5 37. Bc4 Bd8 38. Ke2 Bb6 39. Bg8 Ba7 40. h3 Bb6 41. Kd3 f3 42. gxf3 Kf4 43. Ke2 Kg3 44. Be6 Bd8 45. b3 Bg5 46. Bg4 Bc1 47. Kd3 Bb2 48. Kc4 Bd4 49. Kb5 Kf4 1/2-1/2

[Event "EU-chT (Women) 22nd"]
[Site "Batumi"]
[Date "2019.10.25"]
[Round "2.12"]
[White "Muetsch, Annmarie"]
[Black "Tamrazyan, Gohar"]
[Result "1-0"]
[WhiteElo "2266"]
[BlackElo "1955"]
[PlyCount "113"]
[EventDate "2019.10.24"]
[EventType "team-swiss"]
[EventRounds "9"]
[EventCountry "GEO"]
[SourceTitle "CBM 192 Extra"]
[Source "Chessbase"]
[SourceDate "2019.11.06"]
[SourceVersion "1"]
[SourceVersionDate "2019.11.06"]
[SourceQuality "1"]
[WhiteTeam "Germany (W)"]
[BlackTeam "Switzerland (W)"]
[WhiteTeamCountry "GER"]
[BlackTeamCountry "SUI"]

1. e4 e6 2. d4 d5 3. Nd2 Nf6 4. e5 Nfd7 5. Bd3 c5 6. c3 Nc6 7. Ne2 cxd4 8. cxd4 f6 9. exf6 Nxf6 10. 0-0 Bd6 11. Nf3 Qc7 12. h3 0-0 13. Be3 Bd7 14. Re1 Be8 15. Ng5 Bf7 16. Rc1 h6 17. Nxf7 Qxf7 18. Bb1 Rad8 19. a3 e5 20. dxe5 Bxe5 21. Nd4 Bxd4 22. Bxd4 Nxd4 23. Qxd4 b6 24. Re3 Rc8 25. Rd1 Rc4 26. Qd3 Rfc8 27. Qf5 R8c5 28. Ree1 Qc7 29. b4 Rc6 30. Ba2 Qf4 31. Qd3 Rc2 32. Bxd5+ Nxd5 33. Qxd5+ Kh7 34. Qd3+ Kg8 35. Re2 Rxe2 36. Qxe2 Rc3 37. Qa2+ Qc4 38. Rd8+ Kf7 39. Rd7+ Kf6 40. Qxc4 Rxc4 41. Rxa7 b5 42. Ra5 Rc3 43. Kf1 Rd3 44. Ke2 Rd5 45. Ra6+ Kf5 46. Rc6 Ke4 47. Rc7 Rg5 48. g3 Kd4 49. Rc6 Rh5 50. h4 Re5+ 51. Kf3 Rf5+ 52. Kg2 Kd3 53. Rc5 g6 54. g4 Rf4 55. Kg3 Rc4 56. Rxb5 Rc3 57. Rb6 1-0

[Event "Wch U14 Girls"]
[Site "Porto Carras"]
[Date "2018.10.29"]
[Round "10.33"]
[White "Tamrazyan, Gohar"]
[Black "Kostina, Veronika"]
[Result "1-0"]
[WhiteElo "1824"]
[BlackElo "1700"]
[PlyCount "159"]
[EventDate "2018.10.20"]
[EventType "swiss"]
[EventRounds "11"]
[EventCountry "GRE"]
[SourceTitle "CBM 187 Extra"]
[Source "ChessBase"]
[SourceDate "2018.11.04"]
[SourceVersion "1"]
[SourceVersionDate "2018.11.04"]
[SourceQuality "1"]

1. Nf3 d5 2. e3 c5 3. c4 e6 4. d4 Nc6 5. cxd5 exd5 6. Bb5 Nf6 7. 0-0 Be6 8. Nc3 Be7 9. dxc5 Bxc5 10. Na4 Bd6 11. Bxc6+ bxc6 12. Qc2 Rc8 13. Nc5 Qe7 14. b4 0-0 15. Bb2 Bxc5 16. Bxf6 gxf6 17. Qxc5 Qxc5 18. bxc5 Bf5 19. Nd4 Bg6 20. Rac1 Rc7 21. Rc3 Rb8 22. Rb3 Rxb3 23. axb3 Kf8 24. Ra1 Ke7 25. Ra4 Kd7 26. Rb4 Kc8 27. f3 f5 28. f4 Kd7 29. Kf2 Rc8 30. Rb7+ Rc7 31. Rxc7+ Kxc7 32. b4 h6 33. Ke1 Kb7 34. Kd2 Kc7 35. Kc3 Kb7 36. Kb3 Bh7 37. Ka4 Bg6 38. Ka5 Bh7 39. g3 Bg6 40. h4 h5 41. Nf3 Bh7 42. Ne5 Bg6 43. Nd7 Kc7 44. Nf6 Kb7 45. Ne8 f6 46. Nd6+ Kc7 47. Ka6 Kb8 48. b5 cxb5 49. Nxb5 Be8 50. Nd4 Bd7 51. c6 Bc8+ 52. Kb5 Kc7 53. Kc5 a6 54. Nc2 a5 55. Nd4 a4 56. Nb5+ Kb8 57. Kb4 Be6 58. Kxa4 d4 59. exd4 Bd5 60. c7+ Kb7 61. Kb4 Bc6 62. Nd6+ Kxc7 63. Nxf5 Bf3 64. Kc5 Kd7 65. d5 Be4 66. Ng7 Bf3 67. Nf5 Be4 68. Ne3 f5 69. Nc4 Bg2 70. Kd4 Be4 71. Ke5 Ke7 72. Ne3 Kd7 73. Nxf5 Bc2 74. Ng7 Bd1 75. f5 Ke7 76. f6+ Kf7 77. d6 Bg4 78. Nxh5 Ke8 79. Ng7+ Kf7 80. h5 1-0